| 000 | 00551nam a22001937a 4500 | ||
|---|---|---|---|
| 005 | 20250221135748.0 | ||
| 008 | 250221b |||||||| |||| 00| 0 eng d | ||
| 020 | _a9780241982280 | ||
| 041 | _aEng | ||
| 082 |
_a372.6 _bKRO |
||
| 100 |
_aKrogerus Mikael _9211416 |
||
| 245 | _aThe Communication Book: 44 Ideas for Better Conversations Every Day | ||
| 260 |
_aUnited Kingdom _bPenguin Business _c2017 |
||
| 300 | _a193 | ||
| 365 |
_b399.00 _cRs.00 |
||
| 650 |
_aCommunication Skills _9204460 |
||
| 700 |
_aTschappeler Roman _9211417 |
||
| 942 | _cBK | ||
| 999 |
_c365246 _d365246 |
||